| 000 | 00967nam a22001817a 4500 | ||
|---|---|---|---|
| 001 | 4270 | ||
| 005 | 20221127090909.0 | ||
| 008 | 150628s lsu a s o00000 ara d | ||
| 035 | _a707 | ||
| 082 | 0 | 4 |
_a378.0021531 _bس403 أ |
| 110 | 0 |
_aالسعودية. _bوزارة التعليم العالي. _bوكالة الوزارة للتخطيط والمعلومات. |
|
| 245 | 1 | 0 |
_aاحصاءات التعليم العالي في المملكة العربية السعودية / _cاعداد وكالة الوزارة للتخطيط والمعلومات ، وزارة التعليم العالي. |
| 260 |
_aالرياض : _bوزارة التعليم العالي، _c2006-. |
||
| 300 |
_aمج : _bايض ملونة ؛ _c29 سم. _eاقراص مدمجة. |
||
| 500 | _aالاعداد: 29، 30، 31، 23، 33، 33 | ||
| 650 | 4 |
_aالتعليم العالي _zالسعودية _vاحصائيات. |
|
| 650 | 4 |
_aالجامعات والكليات _zالسعودية _vاحصائيات. |
|
| 999 |
_c4268 _d4268 |
||